00867nam a2200205 i 450000100060000000300090000600500170001500700030003200800410003510000420007624500840011826000920020230000320029460000640032661000350039071000750042585200220050099900170052295201220053974356ES-MaACL20250803064500.0t|040917s1970 sp f |||| |dspa d1 aGonzález y Gómez, Simón.95902910aBécquer, Veruela y el Somontano del Moncayo / cSimón González y Gómez. aZaragoza : b[Caja de Ahorros y Monte de Piedad de Zaragoza, Aragón y Rioja], c1970. a198 p., 6 lám. ; c24 cm.14aBécquer, Gustavo Adolfo,d1836-1870-xBiografías92697524aMonasterio de Veruela.91728352 aCaja de Ahorros y Monte de Piedad de Zaragoza, Aragón y Rioja.92326 aES-MaACLjC-37867 c74356d74356 00104070aATENEOMbATENEOMcDEPO2d2008-01-17eSCl0oC-37867p1077836r2023-02-23 00:00:00w2023-02-23yMONOGRAFIA